00353nam a2200145Ia 4500008004100000041000800041082001200049100001600061245004200077250001100119260003700130300001100167440000600178650002300184230724s2006 xx 000 0 und d aeng a342/SIN aSinghvi L M aJagadish Swarup Constitution of India a2nd Ed aAllahabadbModern Law Pub.c2006 a1245p. vI aCONSTITUTIONAL LAW